Groupes de choses : Grèce - Statistiques

Statistiques générales
  • Ce quiz a été pris 215 fois
  • Le résultat moyen est 19 sur 35
Statistiques - réponses
Hint Réponse % Correct
Plus grandes villes grecques Athènes
99%
Les "Douze Dieux" Zeus
94%
Plus grandes îles grecques Crète
81%
Les "Douze Dieux" Poséidon
81%
Pays limitrophes Albanie
80%
Mers bordant la Grèce Égée
80%
Les "Douze Dieux" Héra
80%
Pays limitrophes Macédoine du Nord
80%
Les "Douze Dieux" Athéna
79%
Mers bordant la Grèce Méditerranée
78%
Pays limitrophes Turquie
77%
Pays limitrophes Bulgarie
74%
Les "Douze Dieux" Apollon
73%
Les "Douze Dieux" Arès
69%
Les "Douze Dieux" Aphrodite
62%
Les "Douze Dieux" Hermès
61%
Les "Douze Dieux" Artémis
59%
Mers bordant la Grèce Adriatique
58%
Plus grandes villes grecques Thessalonique
53%
Jeux olympiques d'été organisés en Grèce (années) 2004
52%
Les "Douze Dieux" Héphaïstos
52%
Les "Douze Dieux" Déméter
42%
Jeux olympiques d'été organisés en Grèce (années) 1896
41%
Mers bordant la Grèce Ionienne
41%
Plus grandes îles grecques Rhodes
34%
Club de football principaux d'Athènes Olympiakos
33%
Club de football principaux d'Athènes AEK Athènes
31%
Club de football principaux d'Athènes Panathinaïkos
31%
Plus grandes îles grecques Lesbos
28%
Les "Douze Dieux" Hestia
27%
Plus grandes villes grecques Héraklion
25%
Plus grandes îles grecques Eubée
16%
Plus grandes villes grecques Le Pirée
15%
Plus grandes villes grecques Patras
10%
Plus grandes îles grecques Chios
6%
Aucun quiz correspondant
Distribution des résultats
% des personnes avec chaque résultat
Percentile par nombre de réponses
Votre historique - résultats
Vous n’avez pas pris ce quiz